Hauptstädte am Äquator - Statistiken

Allgemein
  • Dieses Quiz wurde 23 mal gespielt
  • Das Durchschnittsergebnis liegt bei 5 aus 7
Antwortstatistiken
Abstand Land Hauptstadt % Korrekt
20 km Ecuador Quito
100%
141 km Kenia Nairobi
95%
137 km Singapur Singapur
95%
35 km São Tomé und Príncipe São Tomé
81%
35 km Uganda Kampala
67%
40 km Gabun Libreville
52%
50 km Nauru Yaren
33%
Keine übereinstimmenden Quizze gefunden
Verteilung der Resultate
Anzahl Personen mit jedem Resultat
Perzentil nach korrekt beantworteten Fragen
Ihre Resultats-Entwicklung
Sie haben dieses Quiz noch nicht gespielt